000 00845nam a22001935i 4500
001 167533
003 ES-MaACL
005 20231227150221.0
008 960320s1890 sp |||| | spa d
040 _aCLM
_bspa
_cCCPB | SIC
100 1 _aVilanova y Piera, Juan,
_d1821-1893
_9114785
245 1 0 _aGinebra y Nancy
_b: congresos cientĂ­ficos celebrados en 1886 /
_crelato por el Dr. Juan Vilanova y Piera.
260 _aMadrid :
_b[s.n.],
_c1890 (
_fImp. del Colegio Nacional de Sordo-Mudos y de Ciegos)
300 _a321 p., [1] h. de map. pleg. ;
_c22 cm.
650 4 _aCiencias-
_vCongresos y asambleas.
_9147508
852 _aES-MaACL
_jF-12708
_z-- Enc. hol.
856 _uhttp://bibliotecadigitalhispanica.bne.es:80/webclient/DeliveryManager?pid=1627597&custom_att_2=simple_viewer
_zIr a la página
999 _c167533
_d167533